00576nam a2200181Ia 4500003000900000008004100009040001600050080001800066100002200084245011300106250001200219260003700231300000900268500002600277650004100303650002700344650002300371IN-BaIIA211028s9999 xx 000 0 eng d cIIA Library a520.2.03bCOO aTaylor, H. Dennis 0aOn adjustment and testing of telescope objectivescH. Dennis Taylor  a2nd ed. aNew YorkbT.Cooke and Sonsc1896 a96p. aDonated by Mrs. Bappu aAstronomy and Astrophysics Thesaurus aTelescopes Adjustments aTelescopes Testing